000 00586nam a2200241 a 4500
001 nice12345678
003 IN_TiNIC
005 20260116011732.0
008 050524s1976 newa grp 000 0 eng
020 _a
_c100
082 0 0 _a704.94897
_bPAP
100 _aPapadopoulo, Alexandre
245 _aIslam and Muslim Art
260 _aNew York
_bHarry N. Abrams
_c1976
300 _a631p
500 _aincludes index and biblioraphy
505 2 _aBibliography
650 _aArt-Islamic
700 1 _aPapadopoulo, Alexandre
902 _bRHR
942 _cBK
999 _c3594
_d3594